000 00660nam a2200193 a 4500
005 20210223130707.0
008 081002s2000 mx r 000 0 spa d
035 _aUPN01000161912
049 _aUNE
080 _a37.014. 22 (7/8) "1991" ELI
100 1 _aElichiry, Nora Emilce
_932255
245 1 0 _aAlfabetizar en el primer ciclo escolar: dilema y alternativas/ por Nora E. Elichiry.
260 _aSantago de Chile : OREALC, 1991
300 _a124 p.
500 _aIncluye bibliografía
690 _aAlfabetizacion- America Latina
710 2 _aOREALC. Oficina Regional de Educación de la UNESCO para América Latina y el Caribe
905 _aUNESCO
999 _c134025
_d134025